The world of animals. (Record no. 114377)
[ view plain ]
| 000 -LEADER | |
|---|---|
| fixed length control field | 00336nam a2200133 a 4500 |
| 005 - DATE AND TIME OF LATEST TRANSACTION | |
| control field | 20140414132058.0 |
| 008 - FIXED-LENGTH DATA ELEMENTS--GENERAL INFORMATION | |
| fixed length control field | 110725s19uu xx 00 eng d |
| 020 ## - INTERNATIONAL STANDARD BOOK NUMBER | |
| International Standard Book Number | 1405417048 |
| 050 ## - LIBRARY OF CONGRESS CALL NUMBER | |
| Classification number | REF 591.87 |
| Item number | W14 2004 |
| 100 ## - MAIN ENTRY--PERSONAL NAME | |
| Personal name | Walters Martin |
| 245 ## - TITLE STATEMENT | |
| Title | The world of animals. |
| 260 ## - PUBLICATION, DISTRIBUTION, ETC. (IMPRINT) | |
| Place of publication, distribution, etc | China : |
| Name of publisher, distributor, etc | Parragon, |
| Date of publication, distribution, etc | 2004. |
| Withdrawn status | Lost status | Damaged status | Home library | Current library | Shelving location | Date acquired | Source of acquisition | Total Checkouts | Full call number | Barcode | Date last seen | Price effective from | Koha item type |
|---|---|---|---|---|---|---|---|---|---|---|---|---|---|
| Munich Library | Munich Library | Reference Section | 07/25/2011 | REF 591.87 W14 2004 | M6186 | 04/14/2014 | 04/14/2014 | Books |